000 00518nam a22002177a 4500
003 UA-OsUOA
001 129965
007 ta
008 20180402b un ||||| |||| 00| 0 ukr d
100 _aМанько М.
090 _a908
_bМ24
942 _cSA
040 _aUA-OsUOA
_bukr
_cUA-OsUOA
_dUA-OsUOA
245 _aПравославна подвижниця з Отрога
300 _aС.5
955 _a0
041 _aukr
080 _a908
773 0 _w129964
650 7 _a908 Краєзнавство
_2UDC
999 _c417861
_d417861